000 00642nam a2200229 a 4500
001 BRCA_6945
005 20190320205643.0
008 171111s1939----mx-#######---#000-0#spa-#
041 _aspa
044 _amx
050 4 _aHF1481
_b.C38 1939
100 1 _aCaso, Ángel
_917306
245 1 0 _aDerecho mercantil
_cpor Ángel Caso
260 _aMéxico
_bEscuela Bancaria Comercial : Cultura
_c1939
300 _axxii, 458 p.
_c21 cm.
500 _aO175
650 1 4 _aDerecho mercantil
_zMéxico
_914961
650 1 4 _aPersonas (Derecho)
_zMéxico
_917307
650 1 4 _aObligaciones (Derecho)
_zMéxico
_917308
902 _aGFM
942 _2lcc
_cB
999 _c6627
_d6627